Quizzes
Events
Quiz Creation
Community
Videos
Private Events
Remove Ads
Sign In
Join for FREE
Feedback
Dark Mode
Quiz Categories
Sports
Geography
Music
Movies
Television
Just For Fun
Miscellaneous
History
Literature
Language
Science
Gaming
Entertainment
Religion
Holiday
For Kids
Quiz Lab
Recent
Popular Today
Quiz Kudos Today
Editor Picks
Curator Picks
Quizzes by...
Day
Popularity
Type
Ratings
Length
Year
Community
Subscriptions
Recent Discussions
Orange Saloon
Badges
Playlists
Quests
Create
Leaderboards
Showdown
Live 5
Trivia Bingo
Activity
Puzzle Library
Sporcle Events
Private Events
Virtual Trivia
Globe League
Become a Host
Pub Owners
SporcleCon
Opinionation
Our Games
Videos
Blog
Mobile Apps
Partnerships
Remove Ads and Go Orange
Feedback
Religion
Mythology
Religious Music
World Religions
Bible
Christianity
Catholicism
Judaism
Church
Scripture
Islam
Verse
Religion
Mythology
Religious Music
World Religions
Bible
Christianity
Catholicism
Judaism
Church
Scripture
Islam
Verse
Random Quiz
Search Sporcle
×
Quiz Lab
Quiz Lab
Religion
Book
Type in answers that appear in a list
Type in answers that appear in a list
Classic
Best Score? Go Orange.
Books of the Bible (Roman Catholic) Stats
Can you name the books in the New American Bible
By
SporcleEXP
15m
73 Questions
230 Plays
230 Plays
230 Plays
Comments
Comments
Give Quiz Kudos
Give Quiz Kudos
-
- Ratings
hide this ad
Replay
Link that replays current quiz
Next Quiz
Link to next quiz in quiz playlist
You Got
0%
They Got
Avg Score
78%
Avg Friend Score
Upgrade to see
Score Distribution
Jump to the score distribution portion of the page
Score
0/73
Timer
15:00
1
Play Today
Group
Book
% Correct
Pentateuch
Genesis
98.3%
Pentateuch
Exodus
96.1%
Pentateuch
Numbers
94.8%
Pentateuch
Leviticus
93.5%
Gospel
John
92.2%
Pentateuch
Deuteronomy
90.9%
Gospel
Matthew
90.9%
Gospel
Mark
90.9%
Gospel
Luke
90.9%
Pentateuch
Ruth
89.1%
Pentateuch
Joshua
88.3%
Pentateuch
Judges
88.3%
Wisdom
Psalms
87.8%
Catholic Letters
Revelation
87.4%
Historical
1 Kings
87%
Historical
2 Kings
87%
Historical
1 Samuel
85.7%
Historical
2 Samuel
85.7%
Gospel
Acts
85.7%
New Testament Letters
Romans
84.8%
Wisdom
Job
84.3%
Historical
Esther
83.5%
Catholic Letters
1 John
83%
Catholic Letters
2 John
83%
Wisdom
Proverbs
82.2%
Wisdom
Song of Songs
82.2%
Prophetic
Isaiah
82.2%
Historical
1 Chronicles
81.7%
Historical
2 Chronicles
81.7%
Catholic Letters
3 John
81.3%
Historical
Ezra
80.4%
Catholic Letters
1 Peter
80.4%
Catholic Letters
2 Peter
80.4%
Prophetic
Daniel
80%
New Testament Letters
1 Corinthians
80%
New Testament Letters
2 Corinthians
80%
Catholic Letters
James
80%
Group
Book
% Correct
Prophetic
Jeremiah
79.6%
Prophetic
Ezekiel
79.1%
New Testament Letters
1 Timothy
79.1%
Catholic Letters
Jude
79.1%
Wisdom
Wisdom
78.7%
New Testament Letters
2 Timothy
78.7%
Historical
Nehemiah
78.3%
New Testament Letters
Ephesians
77%
Historical
1 Maccabees
76.5%
Historical
2 Maccabees
76.5%
Wisdom
Ecclesiastes
76.5%
Historical
Tobit
76.1%
Historical
Judith
76.1%
New Testament Letters
Galatians
75.2%
New Testament Letters
Philippians
75.2%
New Testament Letters
1 Thessalonians
75.2%
New Testament Letters
2 Thessalonians
75.2%
New Testament Letters
Hebrews
74.8%
New Testament Letters
Titus
73.5%
Prophetic
Lamentations
72.6%
New Testament Letters
Philemon
72.2%
New Testament Letters
Colossians
71.3%
Wisdom
Sirach
69.6%
Prophetic
Baruch
68.3%
Prophetic
Amos
67.8%
Prophetic
Zechariah
66.1%
Prophetic
Obadiah
65.7%
Prophetic
Jonah
63.9%
Prophetic
Joel
63.5%
Prophetic
Micah
63.5%
Prophetic
Hosea
63%
Prophetic
Malachi
63%
Prophetic
Zephaniah
60%
Prophetic
Habakkuk
59.6%
Prophetic
Haggai
58.3%
Prophetic
Nahum
55.2%
Quiz Playlist
Details
Report
Send in Message
Add To Playlist
Classic:
Type in answers that appear in a list
Last Updated: Feb 16, 2017
Quiz Scoreboard
CHALLENGE
Sign Up to Join the Scoreboard
Show All
Scores
Hide
Comments
May contain spoilers
Recently Published
9x9 Crossword: Cartoon Network
by jackfrog10
Miscellaneous
3m
College Basketball Coaching Resumes
by pancakes188
Sports
9m
Billboard Blitz: Fleetwood Mac
by CooCooCachoo
Music
15s
More to Explore
Quiz From the Vault
Featured Blog Post
Where Did the Easter Bunny Come From?
hide this ad
You Might Also Like...
Tags
Bible Quiz
Book Quiz
America
catholic
group
Roman
Today's Top Quizzes in Religion
Browse Religion
hide this ad
Today's Top Quizzes in Book
Browse Book
Top Contributed Quizzes in Religion
1
5-to-1: Children of Gods
2
5-to-1: European Churches
3
One Thing in Common: Mythology
4
10 to 1: Islam
5
One Thing in Common: Mythology II
6
Mythological Creature Bunker
7
Prime Time: Religion
8
One Thing in Common: Religion
9
Murdered Mythical Monsters
10
Order Up: Seven Last Words of Christ
Explore More
Trending Topics
Kpop
Marvel
NBA
Anime
Crossword
Disney
Harry Potter
Puzzle
Country
Song
The Office
WWE
Pokémon
NFL
Soccer
hide this ad
More By:
SporcleEXP
Quiz
Plays
Rating
Category
Featured
Created
Harry Potter Deaths in Order Minefield
3,068,489
4.18
Literature
Jan 27, 2016
Sins, Dwarfs, and Spice Girls
847,284
4.42
Just For Fun
Apr 11, 2012
Ancient History Bunker
708,182
4.28
History
Jan 20, 2014
Movie Posters VI
679,040
4.37
Movies
Nov 12, 2010
Movie Posters VII
621,869
4.44
Movies
Apr 16, 2011
Go to Creator's Profile
Score Distribution
Quiz Creator Spotlight
SporcleEXP
Follow
Send a Message
Quizzes Created
-
Created Quiz Play Count
-
More By This Creator
Popular Quizzes Today
1
Find the US States - No Outlines Minefield
2
Find the Countries of Europe - No Outlines Minefield
3
The Countries of the World
4
Find the US States
5
Risky Map Clicking: Biggest States A-Z
6
US States
7
Popular People in 1961
8
Movies - When Are They Set?
More Religion Quizzes
Alphabetized Quotes: A Verse from the Quran
Editor's Pick
Trending Quizzes
Risky Map Clicking: Least Populous States A-Z
1-10 Letter G Words
1-10 Letter F Words
Risky Map Clicking: Next State Alphabetically
Adjectives in 80s TV Shows
Recently Updated
Leaping Animals
pecheneg
Reality TV Shows (A-Z)
bhenderson79
Rickey Henderson's Hall of Fame Teammates
pecheneg
Champions League XIs: Arsenal
pecheneg
Quick Pick: Celebrities in WWE's Hall of Fame
aduchscher
A-Z Keypad Blitz II
pecheneg
Multiple Oscar Actors
pecheneg
Mystery Phrase Blitz: Oscar 'Best Actors'
pecheneg
F. Scott Fitzgerald Novels
LTH
Pick 3 Villains
ddd62291
Trending Topics
Harry Potter
NBA
Marvel
Anime
Kpop
Disney
Crossword
Soccer
Pokémon
Puzzle
NFL
WWE
Country
Song
The Office
Your Account Isn't Verified!
In order to create a playlist on Sporcle, you need to verify the email address you used during registration. Go to your
Sporcle Settings
to finish the process.
Report this User
Report this user for behavior that violates our
Community Guidelines
.
Details:
Send Report
Go to the Sporcle.com Mobile Site →
Comments